zpět

Detail výsledku týmu

Pub Na Plech ČT - Žižkov, Praha

Datum a čas kvízu

28 Celkem bodů Celkový počet nahraných bodů na tomto kvízu bez doplňovacích otázek.
7. Pořadí na kvízu Konečné umístění týmu na tomto kvízu.

Zaznamenané odpovědi

# Otázka Odpověď Body Výsledky
1. Ministerstvo spravedlnosti ČR... Vlasta Parkanová 1
2. Jak se jmenuje nově zvolená pr... Liz Trussová 1
3. Ve čtvrtek měl premiéru dlouho... Jan Žižka, Petr Jákl 1
4. Ze zoologické zahrady v Charko... C 0
5. Novou posilou hokejistů Kladna... Jakub Klepiš 1
6. V posledních dnech není na svě... Lyon 0
7. Královnou se Alžběta II. stala... Harry Truman 0
8. Během vlády Alžběty II. byl do... C 0
9. Tituly Alžběty II. se pochopit... Její Veličenstvo královna 0
10. Uveďte jméno společné prapraba... (královna) Viktorie 0